| 000 | 01683nam a2200505 i 4500 | ||
|---|---|---|---|
| 001 | 55631 | ||
| 003 | KOSZ 005 | ||
| 005 | 20210706122221.0 | ||
| 008 | 210705s2007 pl a f 000 0 pol | ||
| 015 | _aUWD 2011/29596 | ||
| 020 | _a9788360968000 | ||
| 035 | _a991006371319705066 | ||
| 035 | _a(PL-WaBN)b26337447-48omnis_nlop | ||
| 035 | _ab26337447 | ||
| 035 | _a(OCoLC)749825410 | ||
| 035 | _azz2007812976 | ||
| 035 | _a(PL)b0000002633744 | ||
| 035 | _a(EXLNZ-48OMNIS_NETWORK)9910245105905606 | ||
| 040 |
_aWA N _cWA N _dKOSZ 005/HR _dKOSZ 005/RW |
||
| 046 | _k2007 | ||
| 080 | _a528 | ||
| 080 | _a629.05 | ||
| 100 | 1 |
_aLamparski, Jacek _eAutor |
|
| 245 | 1 | 0 |
_aGPS w praktyce geodezyjnej / _cJacek Lamparski, Krzysztof Świątek ; [recenzent: prof. dr hab. Roman Kadaj]. |
| 260 |
_aKatowice : _bWydawnictwo Gall, _c2007. |
||
| 300 |
_a187 stron : _bilustracje (w tym kolorowe) ; _c25 cm. |
||
| 336 |
_aTekst _btxt _2rdacontent |
||
| 337 |
_aBez urządzenia pośredniczącego _bn _2rdamedia |
||
| 338 |
_aWolumin _bnc _2rdacarrier |
||
| 380 | _aKsiążki | ||
| 380 | _aPublikacje fachowe | ||
| 388 | 1 | _a2001- | |
| 504 | _aBibliografia na stronach 181-187. | ||
| 650 | 7 |
_aGPS _2DBN |
|
| 650 | 7 | _aGeodezja | |
| 655 | 7 | _aOpracowanie | |
| 658 | _aGeografia i nauki o Ziemi | ||
| 658 | _aInżynieria i technika | ||
| 700 | 1 |
_aŚwiątek, Krzysztof _c(geodeta) _eAutor |
|
| 700 | 1 |
_aKadaj, Roman _eRecenzja |
|
| 710 | 2 |
_aWydawnictwo Gall _4pbl |
|
| 856 |
_uhttp://koha.tu.koszalin.pl/cgi-bin/koha/opac-detail.pl?biblionumber=55631 _yKatalog online BPK |
||
| 942 |
_2UKD _cKS |
||
| 999 |
_c55631 _d55631 |
||